000 00817nam a22002537a 4500
001 BR7200291
003 BR-BrBNA
005 20230928083749.0
007 ta
008 230509b bl.||||| |||| 00| 0 por d
040 _aBR-BrBNA
_bpor
_cBiblioteca Nacional de Agricultura
041 _a(Por)
072 _aE30
_b/G514
090 _ E30 BR7200291
110 1 _aServico Federal de Habitacao e Urbanismo, Sao Paulo, SP (Brasil)
_99346
245 1 _aPlano de desenvolvimento integrado de Barra Mansa [Rio de Janeiro; Brasil]
_bv. 2 - Politica de desenvolvimento, plano de acao
260 3 _aSao Paulo, SP (Brasil):
_c1972.
300 _a97 p.
650 _aPolitica de desenvolvimento
650 _aDesenvolvimento economico
650 _aRio de Janeiro
909 _a202309
_bLucia
_c55
_dLucia Elande
942 _cBK
999 _c15124
_d15124